Kolesová rypadla a provozní spolehlivost /

Hlavní autor: Helebrant, František, 1948-
Korporativní autor: Vysoká škola báňská - Technická univerzita Ostrava. Strojní fakulta
Další autoři: Jurman, Josef, 1940-, Fries, Jiří, 1972-
Jazyk: Čeština
Vydáno: Ostrava : VŠB - Technická univerzita Ostrava, 2007
Témata:
Externí odkaz: Digitalizovaný dokument
Fyzický popis: 192 s. : il. ; 25 cm
Language note: Anglické resumé
Knihy
Uloženo v:
LEADER 02364nam a2200601 a 4500
001 nkc20081786127
003 CZ PrNK
005 20080326135506.0
007 ta
008 080125s2007 xr a e p 000 0 cze
015 |a cnb001786127 
020 |a 978-80-248-1669-2  |q (brož.) :  |c neprodejné 
035 |a (OCoLC)228605365 
040 |a ABA001  |b cze 
041 0 |a cze  |b eng 
072 7 |a 621  |x Strojírenství  |2 Konspekt  |9 19 
072 7 |a 37.016  |x Učební osnovy. Vyučovací předměty. Učebnice  |2 Konspekt  |9 22 
080 |a 621.879.48  |2 MRF 
080 |a 62-027.45  |2 MRF 
080 |a 005.93  |2 MRF 
080 |a 658.58  |2 MRF 
080 |a (075)  |2 MRF 
080 |a (035)  |2 MRF 
100 1 |a Helebrant, František,  |d 1948-  |7 jx20031216001  |4 aut 
245 1 0 |a Kolesová rypadla a provozní spolehlivost /  |c František Helebrant, Josef Jurman, Jiří Fries 
260 |a Ostrava :  |b VŠB - Technická univerzita Ostrava,  |c 2007 
300 |a 192 s. :  |b il. ;  |c 25 cm 
500 |a Nad názvem: Vysoká škola báňská - Technická univerzita Ostrava, Fakulta strojní 
500 |a 70 výt. 
504 |a Obsahuje bibliografii 
546 |a Anglické resumé 
650 0 7 |a kolesová rypadla  |7 ph138271  |2 czenas 
650 0 7 |a spolehlivost (technika)  |7 ph125917  |2 czenas 
650 0 7 |a provozní management  |7 ph312527  |2 czenas 
650 0 7 |a management údržby  |7 ph388321  |2 czenas 
650 0 9 |a bucket wheel excavators  |2 eczenas 
650 0 9 |a reliability (engineering)  |2 eczenas 
650 0 9 |a operations management  |2 eczenas 
650 0 9 |a maintenance management  |2 eczenas 
655 7 |a učebnice  |7 fd133770  |2 czenas 
655 7 |a příručky  |7 fd133209  |2 czenas 
655 9 |a textbooks  |2 eczenas 
655 9 |a handbooks and manuals  |2 eczenas 
700 1 |a Jurman, Josef,  |d 1940-  |7 jn20001103266  |4 aut 
700 1 |a Fries, Jiří,  |d 1972-  |7 mzk2002160849  |4 aut 
710 2 |a Vysoká škola báňská - Technická univerzita Ostrava.  |b Strojní fakulta  |7 kn20010709395 
856 4 1 |u http://www.digitalniknihovna.cz/mzk/uuid/uuid:115295e0-e9dd-11e9-9a61-005056827e52  |y Digitalizovaný dokument  |x NDK 
910 2 |a BOA001  |b 3-1197.584 
928 9 |a Vysoká škola báňská - Technická univerzita 
990 |a BK 
995 |a 01 
991 |b 200802  |c NOV 
996 6 |b 2610330315  |c 3-1197.584  |l MZK  |r Sklad / do 1 hodiny  |n 2  |p p.v.  |w 000881668  |u 000010  |a 1  |e BOA001  |j MZK50  |s P